Los abortos no punibles en el Código Penal Argentino /
Guardado en:
| Autor Principal: | |
|---|---|
| Formato: | Libro |
| Idioma: | Spanish |
| Publicado: |
Buenos Aires :
La Ley; Departamento de publicaciones UBA,
2014.
|
| Series: | Colección Facultad de Derecho - Derecho Penal
|
| Materias: | |
| Etiquetas: |
Agregar Etiqueta
Sin Etiquetas, Sea el primero en etiquetar este registro!
|
| LEADER | 00650nam a22001935a 4500 | ||
|---|---|---|---|
| 001 | DER.der012671 | ||
| 008 | 180615s2014####ag#||||||||||||||#||spa|| | ||
| 005 | 20231227133022.0 | ||
| 245 | 1 | 0 | |a Los abortos no punibles en el Código Penal Argentino / |c Julieta Yahia. |
| 260 | |a Buenos Aires : |b La Ley; Departamento de publicaciones UBA, |c 2014. | ||
| 300 | |a 139 p. | ||
| 020 | |a 9789870325115 | ||
| 100 | 1 | |a Yahia, Julieta | |
| 830 | 0 | |a Colección Facultad de Derecho - Derecho Penal | |
| 650 | 7 | |a ABORTO TERAPEUTICO | |
| 650 | 7 | |a ARGUMENTO TEOLOGICO | |
| 650 | 7 | |a ABUSO DESHONESTO | |
| 650 | 7 | |a RIESGO DE LA MADRE | |
| 859 | |a DERECHO |b BIB. DERECHO |h 364.185 |i YAH |p 005145 | ||
